[Event "SLO-chT 09th"]
[Site "Bled"]
[Date "1999.11.13"]
[Round "6"]
[White "Kozul, Zdenko"]
[Black "Atalik, Suat"]
[Result "1/2-1/2"]
[WhiteElo "2612"]
[BlackElo "2598"]
[Annotator "Atalik,S"]
[PlyCount "81"]
[EventDate "1999.11.08"]
[EventType "team-tourn"]
[EventRounds "7"]
[EventCountry "SLO"]
[SourceTitle "EXT 2000"]
[Source "ChessBase"]
[SourceDate "1999.11.16"]
[SourceVersion "1"]
[SourceVersionDate "1999.11.16"]
[SourceQuality "1"]
[WhiteTeam "Maribor SK Piramida"]
[BlackTeam "Tolmin AET"]
[WhiteTeamCountry "SLO"]
[BlackTeamCountry "SLO"]

1. d4 Nf6 2. c4 g6 3. Nc3 d5 4. Nf3 Bg7 5. Qb3 {Russian System often chosen by
Kozul against Gruenfeldt Defence.} dxc4 6. Qxc4 O-O 7. e4 Na6 8. Qb3 $5 c5 9.
d5 e6 $6 {This natural move may really be a mistake.} (9... Qb6 $142 {What is
wrong with this natural move.} 10. e5 $5 Ng4 (10... Nd7 11. Bf4 Qc7 (11... Qxb3
12. axb3 Nb4 13. O-O-O) 12. d6 exd6 13. Nd5 Qa5+ 14. Bd2 Qd8 15. exd6 Re8+ 16.
Ne7+ Rxe7+ 17. dxe7 Qxe7+ 18. Be2 Nb6 $44) 11. Bf4 Qc7 (11... Qb4 12. Bg3 $1 {
maintains the center.} (12. Bc4 $6 b5) (12. Qxb4 cxb4 13. Nb5 (13. Ne4 Nc7 $13)
13... Bd7 $13)) 12. d6 exd6 13. exd6 (13. Nd5 $6 Qa5+ 14. Bd2 Qd8 15. Bg5 Qd7
$5) 13... Re8+ 14. Be2 Qa5 $132) 10. Bxa6 {The point:quick development and
better pawn structure versus pair of bishops.} bxa6 11. O-O exd5 12. exd5 Qb6
13. Rd1 Bb7 $1 {I believe that this is the correct square for the bishop.} 14.
Bf4 Rfe8 (14... Qxb3 $5 15. axb3 Rfd8 16. d6 Rac8 $13) 15. Rd2 $1 {Protecting
b2 for the possibly coming complications with Rad8.} h6 $5 $146 (15... Rac8 $5
16. Qc2) (15... Qxb3 16. axb3 Rad8 17. d6) 16. h3 Rad8 $5 {I decided to sac
the exchange.} (16... g5 17. Be3) (16... Qxb3 $5 17. axb3 Red8 18. d6 Rac8 19.
Ne5) 17. Qxb6 axb6 18. Bc7 Rxd5 $6 {Unnecessary.} (18... Rd7 19. Bxb6 (19. d6
b5) 19... Bxd5 (19... Nxd5 20. Bxc5 Rc7 21. Bd6 Rxc3 22. bxc3 Bxc3 23. Rb1 Bxd2
24. Rxb7 Bf4 $11) 20. Nxd5 Rxd5 21. Rxd5 Nxd5 22. Bxc5 Bxb2 $11) 19. Nxd5 Nxd5
20. Bh2 $1 (20. Bg3 {looks more natural.The only difference is not caused by
f7-f5-f4 P thrust but a possible Ne2+.} c4 (20... f5 $2 21. Rad1 f4 22. Bh2)
21. Rad1 c3 22. bxc3 Nxc3 23. Rd8 Rxd8 24. Rxd8+ Kh7) 20... c4 21. Rad1 Nb4 $6
(21... c3 $142 22. bxc3 Nxc3 23. Rd8 Rxd8 24. Rxd8+ Kh7 25. Be5 Bxf3 (25...
Nxa2 $2 26. Rd7 $18 {decides immediately.}) 26. Bxc3 Bxc3 27. gxf3 $1 (27. Rd3
$2 Bxg2) 27... Bb4 28. Rc8 Kg7 29. Rc6 Bc5 30. a4 a5 31. Kf1 Kf8 32. Rc7 Kg7
33. Ke2 Kf6 34. f4 Ke6 35. f3 h5 36. Kd3 f6 37. Kc4 Kf5 $11) 22. Rd8 Rxd8 23.
Rxd8+ Kh7 24. Ne5 $1 {Nasty,black looks in trouble.} b5 $8 (24... Nc6 $2 25.
Rd7 Nxe5 26. Bxe5 Bxe5 27. Rxf7+ Kg8 28. Rxb7 $18) (24... Bxe5 $2 25. Bxe5 Nc6
$2 26. Rh8#) 25. Rd7 $6 (25. Nxf7 $1 Nxa2 (25... Nd3 26. b3 $5 (26. Rd7 Bc6 27.
Rc7 Bd5 28. Nd6 Kh8) 26... g5 $16 (26... c3 $2 27. Rxd3 c2 28. Bf4 $18)) 26.
Rd7 (26. Be5 Bxe5 27. Nxe5 Be4 28. Rd7+ Kg8 29. Ng4 $18) 26... Bc8 27. Rc7 Bf5)
25... Bd5 $1 26. a3 (26. Nxf7 $5 Bxf7 27. Rxf7 Kg8 28. Ra7 Bd4 $1 (28... Bxb2
$2 29. Bd6 Nxa2 30. Rxa6 Nc1 (30... Nc3 31. Be5 Ne2+ 32. Kf1 Bxe5 33. Kxe2 b4
34. Rxg6+ Kf7 35. Rg4 $18) 31. Rb6) 29. Ra8+ Kf7 $44) 26... Be6 $8 27. Rd6 (27.
axb4 Bxe5 28. Rd2 c3 $11) 27... Nd3 28. Nxd3 cxd3 29. Rxd3 $4 (29. b4 Bc4 30.
Bf4 $1 (30. Rxa6 g5 $1 {x Bh2}) 30... Bc3 31. Rxa6 g5 32. Be3 Bb3 (32... f6 $2
33. Rc6 Kg6 34. a4 d2 35. Bxd2 Bxd2 36. a5 Bxb4 37. a6 Bd5 38. Rb6 Be4 39. Rxb5
Bc3 40. a7 $18) (32... f5 33. f4 $18) 33. Rd6 Bc2 34. Rd5 Kg6 35. g4) 29...
Bxb2 30. Bc7 Bc4 31. Rf3 {xKg1.This position is a dead draw because white's
king can not truly participate in the game.} h5 32. Ba5 g5 33. Bb4 Kg6 34. Re3
g4 35. h4 f6 36. g3 Kf5 37. Kg2 a5 $1 38. Bxa5 Bc1 $11 39. Rc3 Bb2 40. Re3 Bc1
41. Rc3 1/2-1/2

[Event "Burgas Black Sea"]
[Site "Burgas"]
[Date "2012.09.12"]
[Round "1"]
[White "Atalik, Suat"]
[Black "Cheparinov, Ivan"]
[Result "1/2-1/2"]
[WhiteElo "2603"]
[BlackElo "2689"]
[Annotator "Atalik,S"]
[PlyCount "81"]
[EventDate "2012.09.12"]
[EventType "tourn"]
[EventRounds "10"]
[EventCountry "BUL"]
[EventCategory "18"]
[SourceTitle "CBM 151"]
[Source "ChessBase"]
[SourceDate "2012.11.13"]
[SourceVersion "1"]
[SourceVersionDate "2012.11.13"]
[SourceQuality "1"]

1. d4 Nf6 2. c4 g6 3. Nc3 d5 {A Grünfeld by the master of the KID slightly
surprised me.} 4. Nf3 Bg7 5. Qb3 dxc4 6. Qxc4 O-O 7. e4 Na6 8. Qb3 $5 {An old
move!} c5 9. d5 e6 10. Bxa6 bxa6 11. O-O exd5 12. exd5 Qb6 13. Be3 $146 {
I was really curious during the game why this is not played.} ({The known
lines are.} 13. Bf4 Bb7 (13... Bf5 14. Rad1 $13) 14. Rad1 (14. Rfd1 Rfe8 15.
Rd2 $13)) 13... Bb7 $6 {This should not have been a grave mistake but gives
the initiative to White for no reason at all.} (13... Bf5 $5 14. Ne5 (14. Rac1
Rab8 15. Qc4 Qxb2 16. d6) (14. Qa3 Nd7 $13) 14... Qxb3 15. axb3 Nxd5 16. Nxd5
Bxe5 17. Bxc5 Rfd8 18. Ne7+ Kg7 19. Nxf5+ gxf5 20. Rxa6 Rab8 21. b4 Bxb2 22.
Rxa7 Bc3 23. Ra4 Rb5 24. g3 Rdb8 $11) (13... Rd8 14. Rad1 Bg4 15. Rd2 Bxf3 16.
gxf3 $13 {Both sides have bad pawn formations.}) 14. Rfd1 {I think I could
have done better.} (14. Bxc5 $6 Qxb3 15. axb3 Rfc8 16. Bd4 Nxd5 17. Bxg7 Kxg7
18. Nxd5 Bxd5 19. Rxa6 Bxb3 20. Rfa1 Rc7 21. Nd4 Bc4 $15) (14. Qc4 $142 $1 Qb4
15. b3 $14) (14. Rad1 Rfd8 15. Qc4 $1 Qb4 16. b3 Nd7 17. Na4 $14) 14... Rfd8
15. Rd2 (15. d6 $6 Bxf3 16. Qxb6 axb6 17. gxf3 Rac8 18. Rd2 Rc6 19. Rad1 Rd7
$17) 15... Nxd5 $1 {I really missed this move!} 16. Nxd5 $8 (16. Rad1 $2 Nxc3
17. Qxb6 Rxd2 $19) (16. Qxb6 $2 Nxb6 $17 (16... axb6 $2 17. Rad1 $40)) (16.
Rxd5 $6 Bxd5 17. Nxd5 Qxb3 18. Ne7+ Kf8 $1 19. axb3 Kxe7 20. Bxc5+ Kd7 21. Rxa6
$17) (16. Bg5 Bxc3 (16... Rd7 $5) 17. bxc3 f6 $17) 16... Rxd5 17. Rxd5 Qxb3 18.
axb3 Bxd5 19. Rxa6 Bb7 (19... Bxf3 20. gxf3 Bd4 21. Bxd4 (21. Kg2 $5) 21...
cxd4 22. Rd6 Rb8 23. Rxd4 Rxb3 24. Ra4 Rxf3 25. Rxa7 Rb3 26. Ra2 g5 27. Kg2 Kg7
28. h3 Kg6 $36 {White should make a draw by giving up b2 in a timely fashion.})
20. Ra5 (20. Ra2 {looked passive.}) 20... Bxb2 (20... Bxf3 21. gxf3 Bd4 22. Kg2
Rb8 23. Bxd4 cxd4 24. Rxa7 Rxb3 25. Rd7 d3 26. f4 Kg7 27. Rd6 Kh6 28. Rd5 f5
29. Rd7 Kh5 30. Kg3 h6 31. f3 $11) 21. Rxc5 a5 22. h4 Bxf3 (22... Ba3 23. Rb5
Bc6 24. Rb6 Bd5 25. Rb5 $11) 23. gxf3 a4 (23... h5 24. Bd2 $11) 24. bxa4 Rxa4 {
After this there is no play left.} 25. h5 $11 gxh5 26. Rxh5 Ra6 27. f4 Kg7 28.
f5 Rc6 29. Kg2 Rc4 30. Kf3 Bc1 31. Rh1 Bxe3 32. fxe3 Kf6 33. Rxh7 (33. e4 Ke5
34. Rxh7 Rxe4 $11) 33... Kxf5 34. Rxf7+ Ke6 35. Rf4 Rxf4+ 36. Kxf4 Kf6 37. Ke4
Ke6 38. Kd4 Kd6 39. e4 Ke6 40. e5 Ke7 41. Kd5 1/2-1/2

[Event "Bundesliga 0001"]
[Site "Germany"]
[Date "2000.10.15"]
[Round "2.3"]
[White "Kempinski, Robert"]
[Black "Atalik, Suat"]
[Result "1/2-1/2"]
[WhiteElo "2498"]
[BlackElo "2549"]
[Annotator "Atalik,S"]
[PlyCount "34"]
[EventDate "2000.10.14"]
[EventType "team-tourn"]
[EventRounds "15"]
[EventCountry "GER"]
[SourceTitle "CBM 078 Extra"]
[Source "ChessBase"]
[SourceDate "2000.11.10"]
[SourceVersion "1"]
[SourceVersionDate "2000.11.10"]
[SourceQuality "1"]
[WhiteTeam "Hamburger SK"]
[BlackTeam "Neukoelln"]
[WhiteTeamCountry "GER"]
[BlackTeamCountry "GER"]

1. d4 Nf6 2. c4 g6 3. Nf3 Bg7 4. Nc3 d5 5. Qb3 dxc4 6. Qxc4 O-O 7. e4 Na6 8.
Be3 $5 c5 $1 9. dxc5 Ng4 10. Bd2 (10. Bg5 $5 h6 $5 (10... Be6 11. Qb5 Bd7 (
11... Bd4 $4 12. O-O-O $18) 12. Qxb7 Nxc5 13. Qb4 Qb6 14. Qxb6 axb6 15. h3 Ne5
16. Nxe5 Bxe5 17. Bxe7 Rfc8 $44) 11. Rd1 (11. Bd2 $5) 11... Qa5 12. Bxe7 Re8
13. Bd6 Be6 $40) 10... Be6 11. Qb5 Bd7 12. Qxb7 Nxc5 13. Qb4 (13. Qd5 Qb6)
13... Qb6 14. Qxb6 axb6 15. Be2 (15. h3 $6 Ne5 16. Nxe5 Bxe5 17. Bc4 b5 18. Bd5
b4 19. Nd1 Rac8 20. O-O Bb5 21. Re1 Nd3 22. Re3 e6 23. Bb3 Rfd8 $15) 15... Bc6
$1 16. Ng5 Ne5 17. O-O h6 (17... h6 18. Nf3 $1 (18. b4 Na4 19. b5 Bb7 20. Nh3
Rfd8 $15) 18... Nxe4 19. Nxe5 Bxe5 20. Bxh6 Nxc3 (20... Rfc8 $6 21. Nd1) 21.
bxc3 Rfc8 22. Bd2 (22. Rfc1 Bd5 23. Bd2 $11) 22... Ra3 (22... Bd5 23. Rfd1 Rxa2
24. Rxa2 Bxa2 25. Be3 $11 (25. Rc1 Bc4 26. Bxc4 Rxc4 27. g3 b5 28. Rb1 Rc5 29.
Kf1 Rd5 30. Ke2 $11)) 23. Rfd1 (23. Be3 Bxc3 24. Rab1 Rxa2 25. Bf3 $1 $11)
23... b5 24. Rab1 Rxa2 25. Bxb5 Bxb5 26. Rxb5 Bxc3 $11) 1/2-1/2

[Event "Cappelle op 15th"]
[Site "Cappelle la Grande"]
[Date "1999.02.16"]
[Round "5"]
[White "Kalantarian, Norik"]
[Black "Atalik, Suat"]
[Result "1/2-1/2"]
[WhiteElo "2381"]
[BlackElo "2593"]
[Annotator "Atalik,S"]
[PlyCount "34"]
[EventDate "1999.02.13"]
[EventType "swiss"]
[EventRounds "9"]
[EventCountry "FRA"]
[SourceTitle "EXT 2002"]
[Source "ChessBase"]
[SourceDate "2001.11.25"]
[SourceVersion "1"]
[SourceVersionDate "2001.11.25"]
[SourceQuality "1"]

1. d4 Nf6 2. c4 g6 3. Nc3 d5 4. Nf3 Bg7 5. Qb3 dxc4 6. Qxc4 O-O 7. e4 a6 8. e5
b5 9. Qb3 Nfd7 10. h4 Nb6 11. h5 c5 $5 12. hxg6 hxg6 13. dxc5 (13. Be3 cxd4 14.
Bxd4 Nc6 15. Rd1 Qc7) 13... Be6 14. Qc2 Bf5 15. Qb3 (15. Qe2 Nd5 $1 (15... Nc4
$2 16. g4 $3 (16. Bh6 Bxh6 17. Rxh6 Kg7 18. Rh4 Nc6) (16. Bf4 Nc6) 16... Bxg4
17. Qe4 Bxf3 18. Qxf3 Ra7 19. Qh3 Re8 20. Qh7+ Kf8 21. Bh6 $18) (15... Nc6 $2
16. cxb6 Nb4 17. b7 Nc2+ (17... Rb8 18. Ne4) 18. Qxc2 Bxc2 19. bxa8=Q Qxa8 20.
Bh6 $5 $16) 16. Nxd5 (16. Nh4 Be6 $1 (16... Nxc3 $6 17. bxc3 Qd5 18. Nxf5 gxf5
19. f4 Qxc5 20. Rh3 (20. Bd2 Rd8 $132) 20... Rd8 21. Qh5 e6 22. Qh7+ Kf8 23.
Rg3 Bxe5 24. fxe5 Qxe5+ 25. Kf2) 17. Ne4 Nc6 $13) (16. g4 Nxc3 17. bxc3 Bxg4
18. Qe4 Qa5 $1 19. Bd2 Bxf3 20. Qxf3 Nd7 21. Qh3 Rfd8 22. Bg2 Rac8) (16. Ng5
Nxc3 17. bxc3 Qd5) 16... Qxd5) 15... Be6 16. Qc2 Bf5 17. Qb3 Be6 1/2-1/2

[Event "Biel GM"]
[Site "Biel"]
[Date "1999.07.20"]
[Round "2"]
[White "Pelletier, Yannick"]
[Black "Avrukh, Boris"]
[Result "1/2-1/2"]
[WhiteElo "2479"]
[BlackElo "2588"]
[Annotator "Avrukh,B"]
[PlyCount "63"]
[EventDate "1999.07.19"]
[EventType "tourn"]
[EventRounds "10"]
[EventCountry "SUI"]
[EventCategory "14"]
[SourceTitle "CBM 072"]
[Source "ChessBase"]
[SourceDate "1999.10.01"]
[SourceVersion "1"]
[SourceVersionDate "1999.10.01"]
[SourceQuality "1"]

1. d4 Nf6 2. c4 g6 3. Nc3 d5 4. Nf3 Bg7 5. Qb3 dxc4 6. Qxc4 O-O 7. Bf4 {
Not a very popular variation nowadays and there is a objective reason for it,
it doesn't give any advantage for white.} Na6 8. e4 c5 9. dxc5 Be6 10. Qb5 Bd7
11. Qxb7 Nxc5 12. Qb4 Ne6 13. Be5 a5 14. Qa3 Qb6 15. Nd5 $6 {During the game,
this move was a big surprise for me, of course i knew only about well-known
(after Toplalov-Kasparov-game)15Bc4, but it was clear for me, that this
continuation,couldn't promise any advantage for white and even it's very
dangerous to play, like this with white's kingside piecies.} (15. Bc4 Rfc8 ({
Very interesing also} 15... Ng4 $5 16. Bg3 Qb4 17. Qxb4 axb4 18. Nd5 Bxb2 19.
Rb1 Bc3+ 20. Ke2 Nc5 21. Nb6 Be6 $1 22. Bxe6 fxe6 23. Nxa8 Rxa8 $36 {[%csl Ra2]
0-1 Rustemov,A-Sutovsky,E/Polanica Zdroj POL 1999 (32)}) (15... Rac8 16. Bxe6
Bxe6 17. O-O Qb4 18. Rfd1 Qxa3 19. bxa3 Rc5 20. Rab1 Ng4 21. Bxg7 Kxg7 22. Nd5
Rc2 23. Rd2 Rxd2 24. Nxd2 Rd8 {1/2-1/2 Eingorn,V-Lalic,B/Palma de Mallorca
1989/TD 89\13 (24)}) 16. Bxf6 Bxf6 17. Nd5 Qb8 18. Nxf6+ exf6 19. Bxe6 Bxe6 20.
O-O Qb4 21. Qxb4 axb4 {1/2-1/2 Topalov,V-Kasparov,G/Sarajevo BIH 1999 (21)}) (
15. O-O-O $6 Bc6 16. Nd5 Bxd5 17. exd5 Rfc8+ 18. Kb1 Qxf2 $1 {[%cal Gf2c2]} (
18... Nxd5 19. Bxg7 Nxg7 20. Rxd5 Qc6 21. Bc4 Qxc4 22. Qd3 $13) 19. Rd2 (19.
Bd3 Nxd5 20. Be4 Bxe5 21. Nxe5 Ne3 $17) 19... Bh6 $3) 15... Nxd5 16. exd5 Nd4
$5 $146 {[%mdl 8]} (16... Ng5 $2 17. Bxg7 Nxf3+ 18. Qxf3 Kxg7 19. Qc3+ Kg8 20.
Bc4 Bb5 21. b3 $8 Rfc8 22. O-O Bxc4 (22... a4 23. Qd3) 23. bxc4 $16 {1-0
Yakovich,Y-Henao,R/Bayamo 1990 (42)}) (16... Nf4 $1 {Looks even stronger, than
my move} 17. Bxf4 Bxb2 18. Rb1 Bc3+ 19. Qxc3 Qxb1+ 20. Qc1 Qxa2 (20... Rab8 $5)
(20... Qe4+ 21. Be2 Rfc8 $5) 21. Bc4 Qa4 $36 {[%cal Gf8c8]}) 17. Bxd4 (17. Nxd4
$2 Bxe5 $19) 17... Bxd4 18. Nxd4 Qxd4 19. Be2 (19. Rd1 $142 Qe5+ (19... Qe4+
20. Qe3 Qb4+ 21. Qd2 Qe4+ $11) 20. Be2 (20. Qe3 Qxb2 $17) 20... Rfc8 {[%cal
Gc8c2]} (20... Rfb8 21. Rd2) 21. Qe3 Qxb2 22. O-O Qf6 23. Rc1 $11) 19... Rab8 (
19... Qxd5 $143 20. O-O {[%cal Ge2f3]}) 20. O-O Rxb2 21. Rad1 (21. Qxe7 $143
Ba4 $1 {[%csl Gd1][%cal Gf8e8]} (21... Re8 22. Qxd7 Rexe2 {[%csl Rf2]} 23. Rad1
Rxf2 $140 24. Qxf7+ $1 Rxf7+ 25. Rxd4 Rxa2 $11) 22. Ba6 (22. Bf3 $2 Re8 23. Qc7
(23. Qa3 $6 Bb5 (23... Rxf2 24. Kh1 $11) 24. Rfd1 (24. Rad1 Rxf2 $3 $19 25.
Rxf2 Qxd1+) 24... Qxf2+ 25. Kh1 Re3 $19 {[%cal Ge3f3]}) 23... Bb5 24. Rfd1
Qxf2+ (24... Rxa2 $5) 25. Kh1 Rxa2 $17) 22... Qxd5 {[%csl Ra2] and black is
slightly better} (22... Re8 23. Qa3 Rxf2 24. Rxf2 Qxa1+ 25. Bf1 $11)) 21... Qb6
$6 {Here i missed my chanse to create some problems for my opponent after} (
21... Qb4 22. Qxb4 Rxb4 (22... axb4 23. Bc4 Rc8 24. Bb3 $11 {[%csl Gb4]}) 23.
Bf3 Rc8 24. Rfe1 Kf8 25. Rd2 Bf5 $15 {[%csl Ga2,Gd5] and black has a slightly
better endgame in view of two white weaknesses(d5 and a2) against one black
weakness e7-pawn.}) 22. Bd3 (22. Qxe7 Ba4 (22... Re8 $143 23. Qxd7 Rexe2 24. d6
Rxf2 25. Kh1 Rxf1+ 26. Rxf1 Qf2 27. Qe8+ Kg7 28. Qe5+ Kg8 29. Rg1 Rd2 $11) 23.
Rde1 Re8 24. Qh4 $1 {[%csl Ga4]} (24. Qa3 Bd7 25. Qf3 Qb4 $1 $17 {[%csl Ge1,
Ge2,Gf1]}) 24... Rxa2 25. Bf3 (25. Bc4 Rxe1 26. Rxe1 Qb4 $1 $36) 25... Rxe1 (
25... Rb8) 26. Rxe1 Bd7 $13) 22... Re8 23. h3 Rb4 (23... e5 24. dxe6 (24. Rb1
Rb4 {[%cal Ge5e4,Ge4e3]}) 24... Bxe6 25. Rb1 Rb4 26. Rbd1 $11) 24. Rb1 (24.
Rfe1 $5) 24... Qc5 25. Rxb4 axb4 26. Qb3 $11 {[%csl Rb4][%mdl 256]} Ra8 27. Qc4
$1 Rc8 28. Qxc5 Rxc5 29. Rb1 Rc3 (29... Rxd5 30. Bc4 Rd4 (30... Rg5 31. Kh1 Bc6
32. f3 $11) 31. Rxb4 Kg7 32. a3 $11) 30. Bf1 Bf5 31. Rxb4 Rc1 {[%cal Gf5d3]}
32. Rd4 {After 32...Bd7( with idea Bb5)33Rb4(33a4?-Bc8/\Ba6)33...Bf5 both
sides have to repeat moves.} 1/2-1/2

[Event "EU-Cup 15th final"]
[Site "Bugojno"]
[Date "1999.10.29"]
[Round "1"]
[White "Bareev, Evgeny"]
[Black "Van Wely, Loek"]
[Result "1-0"]
[WhiteElo "2698"]
[BlackElo "2629"]
[Annotator "Bareev,E"]
[PlyCount "59"]
[EventDate "1999.10.29"]
[EventType "team-k.o."]
[EventRounds "3"]
[EventCountry "BIH"]
[SourceTitle "EXT 2020"]
[Source "ChessBase"]
[SourceDate "2019.10.17"]
[SourceVersion "1"]
[SourceVersionDate "2019.10.17"]
[SourceQuality "1"]
[WhiteTeam "Sarajevo Bosna"]
[BlackTeam "Breda Panfox"]
[WhiteTeamCountry "BIH"]
[BlackTeamCountry "NED"]

1. d4 Nf6 2. c4 g6 3. Nc3 d5 4. Nf3 Bg7 5. Qb3 dxc4 6. Qxc4 O-O 7. e4 Na6 8.
Be2 c5 9. d5 e6 10. O-O exd5 11. exd5 Bf5 12. Be3 Re8 $6 (12... Qb6 13. Nh4 Bd7
14. b3 {~}) 13. Rfd1 Qb6 14. d6 $1 Rad8 (14... Qxb2 15. Ng5 Rf8 16. Rab1 Bxb1
17. Rxb1 {~=}) 15. Ng5 Rf8 (15... Rd7 16. g4 Bc2 (16... Be6 17. Nxe6 Rxe6 18.
g5 {+/-}) 17. Rd2 h6 18. Nxf7 Rxf7 19. Rxc2 {+/-}) 16. Na4 Qb4 17. Qxb4 (17.
Nxc5 Qxc4 18. Bxc4 Nxc5 19. Bxc5 h6 20. Nf3 (20. Nxf7 Rxf7 21. Bxa7 {+=}) 20...
Rc8 21. d7 Nxd7 22. Bxf8 Bxb2 {~}) 17... Nxb4 $2 (17... cxb4 18. Rac1 h6 19.
Nf3 Ne4 20. Bxa7 {+=}) 18. Bxc5 Nc2 19. Rac1 Nd7 (19... b6 20. Bd3 {+/-}) 20.
g4 {+/-} Nxc5 21. Nxc5 Nd4 22. Rxd4 Bxd4 23. gxf5 Rxd6 24. Nce4 Rb6 25. b3 gxf5
26. Ng3 Be5 (26... Rg6 27. Nf3 Bb6 28. Bd3 {+/-}) 27. Rc5 Bf4 28. Rxf5 Bxg5 29.
Rxg5+ Kh8 30. Rd5 {bareev} 1-0

[Event "Hoogovens"]
[Site "Wijk aan Zee"]
[Date "1995.01.??"]
[Round "2"]
[White "Bareev, Evgeny"]
[Black "Leko, Peter"]
[Result "1-0"]
[WhiteElo "2675"]
[BlackElo "2550"]
[Annotator "Bareev,E"]
[PlyCount "69"]
[EventDate "1995.01.??"]
[EventType "k.o."]
[EventRounds "5"]
[EventCountry "NED"]
[SourceTitle "CBM 045"]
[Source "ChessBase"]
[SourceDate "1995.04.01"]
[SourceVersion "1"]
[SourceVersionDate "1995.04.01"]
[SourceQuality "1"]

1. d4 {Ftacnik} Nf6 2. Nf3 g6 3. c4 Bg7 4. Nc3 d5 5. Qb3 dxc4 6. Qxc4 O-O 7. e4
a6 8. e5 Nfd7 9. Be3 b5 10. Qb3 Nb6 11. a4 Be6 12. Qd1 c6 13. Bd3 $146 (13. Be2
f6 14. exf6 exf6 15. axb5 cxb5 16. O-O Nc6 17. Ne4 Nc4 18. Nc5 {Bareev,
E-Huzman,A/Lyon/94/}) 13... f6 14. O-O N8d7 15. Be4 Nd5 (15... Rc8 16. axb5
axb5 17. d5 cxd5 18. Nxd5 Rc4 $1 (18... Nc4 19. Nf4 $18) 19. Nxb6 Rxe4 20. Nxd7
Qxd7 21. Qxd7 Bxd7 22. Ra7 Bg4 23. Rxe7 Bxf3 $10) 16. axb5 axb5 17. Nxd5 $1 (
17. Rxa8 Qxa8 18. Nxd5 Bxd5 $1) 17... cxd5 (17... Bxd5 18. Bxd5+ cxd5 19. Qb3
Rxa1 20. Rxa1 $16) 18. Rxa8 Qxa8 19. exf6 exf6 (19... dxe4 20. fxg7 Rxf3 (20...
Kxg7 21. Nd2 (21. Ng5 {Ftacnik} Bc4 22. Re1 $16) 21... Bd5 $16) 21. gxf3 exf3
22. Bf4 $16) 20. Bd3 Qb7 21. Bd2 $1 $14 Nb6 $2 (21... Re8 $1) (21... Bg4 {
Ftacnik} 22. Qb3 (22. h3 Bxf3 23. Qxf3 f5 24. Qe2 Bxd4 25. Bxb5 Nf6 $132) 22...
Bxf3 23. gxf3 f5 24. Qxb5 Qxb5 25. Bxb5 Nb6 26. Bc3 $16) 22. Re1 (22. Bb4 Re8
23. Bxb5 Nd7 $1 $14) (22. Bxb5 {Ftacnik} Nc4 23. Bxc4 dxc4 24. Bc3 Bg4 $132)
22... Bd7 (22... Bf7 {Ftacnik} 23. Bb4 Re8 24. Bxb5 Rxe1+ 25. Qxe1 Nc4 26. Bxc4
dxc4 27. Qe7 $16) 23. Bb4 Re8 24. h4 $1 $16 Rxe1+ (24... Qc8 25. h5 Rxe1+ 26.
Qxe1 Qe8 27. Qb1 $16) (24... Nc4 {Ftacnik} 25. Rxe8+ Bxe8 26. b3 $16) 25. Qxe1
Qc8 (25... Nc4 {Ftacnik} 26. b3 Nb2 $2 27. Bf1 $18) 26. Qe7 Be8 $8 (26... Bf8
27. Qxf6 Bxb4 28. Qxb6 Qc1+ 29. Bf1 $18) 27. h5 gxh5 28. Bc5 $1 (28. Bf5 Bd7 $8
) 28... Qd7 (28... Nc4 {Ftacnik} 29. Bf5 $1 Qc6 30. Be6+ Kh8 31. Nh4 $18) 29.
Qe2 (29. Qxd7 Nxd7 30. Bxb5 Nxc5 31. Bxe8 Nd3 $14) 29... Na8 $2 (29... Na4 $8
30. b3 (30. Bf5 {Ftacnik} Qc6 31. Be6+ Bf7 (31... Kh8 32. Bxd5 Qc8 33. Bd6 $18)
32. Bxf7+ Kxf7 33. Qe7+ Kg8 34. Bd6 Nxb2 35. Nh4 $18) 30... Nxc5 31. dxc5 b4
32. Nd4 Bg6 33. c6 Qc8 34. Bxg6 hxg6 35. Qe6+ $18) 30. Bf5 $18 Qc6 31. Be6+ Bf7
(31... Kh8 32. Bxd5 Qxd5 33. Qxe8+ Qg8 34. Qc6 $18) 32. Bxf7+ Kxf7 33. Qe7+ Kg8
34. Nh4 Nb6 (34... Nc7 35. Nf5 Ne6 36. Nxg7 $18) (34... Qc8 {Ftacnik} 35. Nf5
Bf8 36. Qxf6 $18) 35. Qd8+ 1-0